000 00664nam a2200277Ia 4500
005 20260324122042.0
008 008 260324s9999 xx 000 0 eng d
020 _a9781315086361
037 _aEBOOK
040 _aCRL
040 _beng
040 _cCRL
041 _2eng
041 _aeng
084 _qCRL
100 _aCasper Anderson
_91164920
245 4 _aThe Government and Administration of Africa, 1880-1939 Vol 2
260 _bTaylor and Francis
260 _c2013
365 _a
365 _b240
856 _uhttp://www.taylorfrancis.com/books/9781315086361
942 _cEBOOK
999 _c1757391
_d1757391